Fiche brevet/bac - Sous-genres littéraires- Poésie - Statistiques

Statistiques générales
  • Ce quiz a été pris 134 fois
  • Le résultat moyen est 5 sur 10
Statistiques - réponses
Description du sous-genre Sous-genre littéraire % Correct
Petit poème à forme fixe (deux quatrains sur deux rimes embrassées et deux tercets). Sonnet
78%
Poème classique japonais de dix-sept syllabes réparties en trois vers. Haïku
69%
Sous-genre littéraire poétique qui n’utilise pas les techniques de rimes, de versification et de disposition du texte traditionnel de la poésie. Poème en prose
56%
Apologue, court récit en prose ou en vers par lequel on exprime une vérité générale, le plus souvent morale, sous le voile de la fiction. Fable
55%
Poème dont la disposition typographique évoque l'objet qui en constitue le thème. Calligramme
50%
MOYEN ÂGE: Poème à forme fixe, composé de trois huitains ou dizains comportant les mêmes rimes, avec refrain, suivis par une demi-strophe appelée envoi. Ballade
45%
Poème accompagné de musique. Chanson
39%
Grec: Poème lyrique destiné à être accompagné de musique. 2. Poème lyrique d'inspiration élevée. Ode
34%
Poème lyrique d'un caractère mélancolique et tendre. Élégie
18%
Poème à forme fixe, sur deux rimes avec des vers répétés. Rondeau
13%
Aucun quiz correspondant
Distribution des résultats
% des personnes avec chaque résultat
Percentile par nombre de réponses
Votre historique - résultats
Vous n’avez pas pris ce quiz